Applied economic forecasting / (Record no. 45284)
[ view plain ]
| 000 -LEADER | |
|---|---|
| fixed length control field | 00922cam a2200265 a 4500 |
| 001 - CONTROL NUMBER | |
| control field | 45284 |
| 003 - CONTROL NUMBER IDENTIFIER | |
| rucl marc code | BD-RjUL |
| 005 - DATE AND TIME OF LATEST TRANSACTION | |
| control field | 20211209054006.0 |
| 008 - FIXED-LENGTH DATA ELEMENTS--GENERAL INFORMATION | |
| fixed length control field | 160725s1966 ne a 001 0 eng |
| 035 ## - SYSTEM CONTROL NUMBER | |
| System control number | (BD-RjUL)45402 |
| System control number | (OCoLC)170823 |
| 040 ## - CATALOGING SOURCE | |
| Original cataloging agency | DLC |
| Transcribing agency | ODaWU |
| Modifying agency | OCoLC |
| -- | DLC |
| -- | BD-RjUL |
| Language of cataloging | eng |
| 041 ## - LANGUAGE CODE | |
| Language code of text/sound track or separate title | eng |
| 082 ## - DEWEY DECIMAL CLASSIFICATION NUMBER | |
| Classification number | 338.544 |
| Edition number | 23 |
| Author mark and year | THE 1961 [reprinting 1975] |
| 100 1# - MAIN ENTRY--PERSONAL NAME | |
| Personal name | Theil, Henri. |
| 9 (RLIN) | 131764 |
| 245 10 - TITLE STATEMENT | |
| Title | Applied economic forecasting / |
| Statement of responsibility, etc. | by Henri Theil assisted by G.A.C. Beerens, C.G. De Leeuw [and] C.B. Tilanus. |
| 260 ## - PUBLICATION, DISTRIBUTION, ETC. (IMPRINT) | |
| Place of publication, distribution, etc. | Amsterdam : |
| Name of publisher, distributor, etc. | North-Holland Pub. Co.; |
| Date of publication, distribution, etc. | 1975 |
| 300 ## - PHYSICAL DESCRIPTION | |
| Pagination | xxii, 474 p. : |
| Illustrations | ill. |
| Size | 23 cm. |
| 500 ## - GENERAL NOTE | |
| General note | Includes index |
| 650 #0 - SUBJECT ADDED ENTRY--TOPICAL TERM | |
| Topical term or geographic name as entry element | Economic forecasting. |
| 9 (RLIN) | 131873 |
| 830 ## - SERIES ADDED ENTRY--UNIFORM TITLE | |
| Uniform title | Studies in mathematical and managerial economics |
| Volume number/sequential designation | v. 4 |
| 942 ## - ADDED ENTRY ELEMENTS (KOHA) | |
| Source of classification or shelving scheme | Dewey Decimal Classification |
| Koha item type | Books |
| Lost status | Source of classification or shelving scheme | Damaged status | Not for loan | Collection code | Permanent Location | Current Location | Shelving location | Date acquired | Source of acquisition | Cost, normal purchase price | Total Checkouts | Full call number | Date last seen | Copy number | Koha item type |
|---|---|---|---|---|---|---|---|---|---|---|---|---|---|---|---|
| Dewey Decimal Classification | Non-fiction | Central Library, University of Rajshahi | Central Library, University of Rajshahi | 03/07/1970 | Book view | 97.50 | 338.544 THE 1975 | 25/07/2016 | C-2 | Books | |||||
| Dewey Decimal Classification | Non-fiction | Central Library, University of Rajshahi | Central Library, University of Rajshahi | 02/04/1979 | Netherland | 338.544 THE 1975 | 25/07/2016 | C-3 | Books | ||||||
| Dewey Decimal Classification | Non-fiction | Central Library, University of Rajshahi | Central Library, University of Rajshahi | 02/04/1979 | Netherland | 338.544 THE 1961 | 25/07/2016 | C-4 | Books | ||||||
| Dewey Decimal Classification | Not For Loan | Non-fiction | Central Library, University of Rajshahi | Central Library, University of Rajshahi | Reading Room | 25/10/1968 | Book View | 112.00 | 338.544 THE 1966 | 19/12/2016 | C-1 | Books |